[Event "POL-chT 1st League"]
[Site "Darlowo"]
[Date "2024.09.18"]
[Round "5.11"]
[White "Powalka, Michal"]
[Black "Denderski, Piotr"]
[Result "1/2-1/2"]
[WhiteElo "1965"]
[BlackElo "2138"]
[PlyCount "119"]
[EventDate "2024.09.14"]
[EventType "team-swiss"]
[EventRounds "9"]
[EventCountry "POL"]
[SourceTitle "EXT 2025"]
[Source "ChessBase"]
[SourceDate "2024.10.14"]
[SourceVersion "1"]
[SourceVersionDate "2024.10.14"]
[SourceQuality "1"]

1. e4 c5 2. Nf3 d6 3. d4 cxd4 4. Nxd4 Nf6 5. Nc3 Nc6 6. Bg5 e6 7. Qd2 a6 8. 0-0-0 Bd7 9. f3 Nxd4 10. Qxd4 Be7 11. h4 Qa5 12. g4 Rc8 13. Kb1 0-0 14. Bd2 Qc5 15. Qxc5 Rxc5 16. Be3 Rcc8 17. Bf4 Rc6 18. Rh2 Rd8 19. Rhd2 Ne8 20. Bg3 Rcc8 21. a4 Bc6 22. b3 Bf6 23. Na2 b5 24. a5 d5 25. e5 Be7 26. Bf2 Rd7 27. f4 Bd8 28. b4 f6 29. Bh3 fxe5 30. fxe5 g6 31. g5 Ng7 32. Nc1 Be7 33. c3 Bb7 34. Kb2 Rdc7 35. Rd3 Rf8 36. Bg3 Nf5 37. Ne2 Rc4 38. Nd4 Nxd4 39. Rxd4 Bc8 40. Rxc4 bxc4 41. Rf1 d4 42. cxd4 Bxb4 43. Rxf8+ Kxf8 44. Bf1 c3+ 45. Kc2 Bxa5 46. Be1 Bb6 47. Bxc3 Kf7 48. Bc4 Bb7 49. Kd3 a5 50. Bb2 Bc6 51. Ba3 Bb7 52. Bb5 Bd5 53. Ba4 Bc7 54. Bc5 Bd8 55. Ke3 Bc7 56. Kf4 Bd8 57. Kg4 Bc7 58. h5 Bd8 59. hxg6+ hxg6 60. Kf4 1/2-1/2

[Event "POL-chT 2nd League"]
[Site "Jastrzebia Gora"]
[Date "2022.09.03"]
[Round "1.77"]
[White "Powalka, Michal"]
[Black "Marciniak, Leonard"]
[Result "1/2-1/2"]
[WhiteElo "1986"]
[BlackElo "1811"]
[PlyCount "149"]
[EventDate "2022.09.03"]
[EventType "team-swiss"]
[EventRounds "9"]
[EventCountry "POL"]
[SourceTitle "CBM 210 Extra"]
[Source "ChessBase"]
[SourceDate "2022.11.30"]
[SourceVersion "1"]
[SourceVersionDate "2022.11.30"]
[SourceQuality "1"]
[WhiteTeam "Bialoleka Sparta"]
[BlackTeam "Krakow Gens Una Sumus"]
[WhiteTeamCountry "POL"]
[BlackTeamCountry "POL"]

1. e4 c5 2. Nf3 Nc6 3. d4 cxd4 4. Nxd4 g6 5. Nc3 Bg7 6. Be3 Nf6 7. Bc4 Qa5 8. 0-0 0-0 9. Bb3 d6 10. h3 Bd7 11. f4 Rad8 12. Qd3 Nxd4 13. Bxd4 Bc6 14. f5 Nd7 15. Bxg7 Kxg7 16. Rf2 Qe5 17. Bd5 Nf6 18. Raf1 e6 19. Bxc6 bxc6 20. Qc4 Rc8 21. fxe6 fxe6 22. Qa4 Rc7 23. Rd1 Qc5 24. Qd4 Qxd4 25. Rxd4 d5 26. exd5 cxd5 27. Re2 Rc6 28. Rb4 a6 29. Rb7+ Rf7 30. Rxf7+ Kxf7 31. Nd1 Ke7 32. c3 Ne4 33. Ne3 Kd6 34. Nc2 Rb6 35. Nd4 Kc5 36. Nf3 Kd6 37. g4 Rb7 38. Kg2 Re7 39. Re1 Rb7 40. Re2 Rc7 41. Nd4 e5 42. Nc2 Rb7 43. Nb4 a5 44. Nd3 Re7 45. Ne1 Ng5 46. Nc2 Rb7 47. Ne3 Ne6 48. Rd2 Nf4+ 49. Kg3 Kc5 50. g5 Nh5+ 51. Kh2 Nf4 52. h4 e4 53. b3 Nd3 54. Kg2 Rf7 55. a3 Ne1+ 56. Kh1 Nd3 57. b4+ axb4 58. axb4+ Kd6 59. Ra2 Rf3 60. Ng4 Rf4 61. Ra6+ Kc7 62. Ne3 Rxh4+ 63. Kg1 Nf4 64. Ra5 Kc6 65. c4 d4 66. Rc5+ Kb6 67. Nd5+ Nxd5 68. Rxd5 e3 69. Kf1 Rf4+ 70. Ke1 Kc6 71. Rd8 Rg4 72. Rd5 Rf4 73. Rd8 Rg4 74. Rd5 Rf4 75. Rd8 1/2-1/2

[Event "POL-chT Academic"]
[Site "Chorzow"]
[Date "2021.05.16"]
[Round "6.5"]
[White "Woloch, Oskar"]
[Black "Powalka, Michal"]
[Result "1-0"]
[WhiteElo "2117"]
[BlackElo "1970"]
[PlyCount "95"]
[EventDate "2021.05.15"]
[EventType "team-swiss (rapid)"]
[EventRounds "9"]
[EventCountry "POL"]
[SourceTitle "CBM 202 Extra"]
[Source "ChessBase"]
[SourceDate "2021.07.31"]
[SourceVersion "1"]
[SourceVersionDate "2021.07.31"]
[SourceQuality "1"]
[WhiteTeam "Wroclaw Politechnik"]
[BlackTeam "Warsaw Kozminski Academy"]
[WhiteTeamCountry "POL"]
[BlackTeamCountry "POL"]

1. d4 Nf6 2. g3 g6 3. Bg2 Bg7 4. e4 d6 5. Nc3 0-0 6. Nge2 c6 7. a4 Nbd7 8. h3 e5 9. Be3 Re8 10. 0-0 exd4 11. Bxd4 Nc5 12. e5 Nd5 13. Nxd5 cxd5 14. exd6 Ne4 15. Bxg7 Kxg7 16. Qxd5 Qxd6 17. Qxd6 Nxd6 18. Nf4 Bf5 19. Rfd1 Nc4 20. b3 Na5 21. Rd5 Nc6 22. c3 Rad8 23. Rb5 Re7 24. a5 Bd3 25. Rc5 Ne5 26. Rd1 b6 27. axb6 axb6 28. Rxe5 Rxe5 29. Rxd3 Rxd3 30. Nxd3 Re2 31. Kf1 Rc2 32. Bd5 Rxc3 33. Ke2 Rc2+ 34. Ke3 Kf6 35. Kd4 Ke7 36. Bc4 f6 37. Kd5 Kd7 38. Bb5+ Kc7 39. g4 h6 40. Ke6 Rc3 41. b4 f5 42. gxf5 gxf5 43. Kxf5 Kd6 44. Kg6 Ke6 45. f4 Rc7 46. f5+ Ke7 47. f6+ Kf8 48. Nf4 1-0

[Event "POL-chT Academic"]
[Site "Chorzow"]
[Date "2021.05.15"]
[Round "1.17"]
[White "Powalka, Michal"]
[Black "Waclawik, Joanna"]
[Result "1-0"]
[WhiteElo "1970"]
[BlackElo "1365"]
[PlyCount "97"]
[EventDate "2021.05.15"]
[EventType "team-swiss (rapid)"]
[EventRounds "9"]
[EventCountry "POL"]
[SourceTitle "CBM 202 Extra"]
[Source "ChessBase"]
[SourceDate "2021.07.31"]
[SourceVersion "1"]
[SourceVersionDate "2021.07.31"]
[SourceQuality "1"]
[WhiteTeam "Warsaw Kozminski Academy"]
[BlackTeam "Wroclaw Przyrodniczy Univ"]
[WhiteTeamCountry "POL"]
[BlackTeamCountry "POL"]

1. a3 e5 2. b4 d5 3. Bb2 Bd6 4. f4 f6 5. Nf3 exf4 6. Nc3 Ne7 7. Nb5 a6 8. Nxd6+ Qxd6 9. d3 Be6 10. Qd2 Nbc6 11. e3 Ng6 12. Be2 0-0-0 13. 0-0 Rhe8 14. exf4 Qxf4 15. Qd1 Bf7 16. Rf2 Re7 17. Ne5 Qe3 18. Nxc6 bxc6 19. d4 Qg5 20. Bxa6+ Kd7 21. Qf3 Nh4 22. Qf4 Qxf4 23. Rxf4 Ng6 24. Rff1 Rde8 25. Bd3 Kd6 26. a4 Rb8 27. b5 Be8 28. Ba3+ Kd7 29. Bxe7 Nxe7 30. bxc6+ Nxc6 31. Bb5 Kd6 32. Rfe1 Bd7 33. c3 Na5 34. Bxd7 Kxd7 35. Rab1 Rxb1 36. Rxb1 Nc4 37. Kf2 c6 38. Rb7+ Ke6 39. Rxg7 h5 40. Rh7 Nd2 41. Ke2 Ne4 42. Kd3 Nf2+ 43. Kc2 Ne4 44. Rxh5 c5 45. dxc5 Nxc5 46. a5 f5 47. Rh6+ Ke5 48. a6 Nxa6 49. Rxa6 1-0

[Event "FIDE World Uni Rapid-A 1st"]
[Site "Tornelo INT"]
[Date "2021.03.21"]
[Round "11"]
[White "Cisneros Cardoza, Sergio"]
[Black "Powalka, Michal"]
[Result "0-1"]
[WhiteElo "1666"]
[BlackElo "1969"]
[PlyCount "46"]
[EventDate "2021.03.20"]
[EventType "swiss (rapid)"]
[EventRounds "12"]
[EventCountry "NET"]
[SourceTitle "CBM 201 Extra"]
[Source "ChessBase"]
[SourceDate "2021.05.31"]
[SourceVersion "1"]
[SourceVersionDate "2021.05.31"]
[SourceQuality "1"]

1. d4 Nf6 2. c4 g6 3. Nc3 Bg7 4. e4 d6 5. f3 0-0 6. Be3 e5 7. d5 Nh5 8. Qd2 f5 9. Nge2 a5 10. h3 f4 11. Bf2 Bf6 12. Nc1 Bh4 13. Nd3 Na6 14. a3 Bxf2+ 15. Qxf2 Ng3 16. Rg1 c5 17. dxc6 bxc6 18. 0-0-0 Be6 19. c5 Bb3 20. Rd2 Qe7 21. cxd6 Qxd6 22. Nxe5 Qxe5 23. Rd7 Nc5 0-1

[Event "FIDE World Uni Rapid-A 1st"]
[Site "Tornelo INT"]
[Date "2021.03.21"]
[Round "9"]
[White "Powalka, Michal"]
[Black "Carrera Puig, Jordi Milburgo"]
[Result "1-0"]
[WhiteElo "1969"]
[BlackElo "1778"]
[PlyCount "65"]
[EventDate "2021.03.20"]
[EventType "swiss (rapid)"]
[EventRounds "12"]
[EventCountry "NET"]
[SourceTitle "CBM 201 Extra"]
[Source "ChessBase"]
[SourceDate "2021.05.31"]
[SourceVersion "1"]
[SourceVersionDate "2021.05.31"]
[SourceQuality "1"]

1. e4 c5 2. Nf3 d6 3. d4 cxd4 4. Nxd4 Nf6 5. Nc3 a6 6. Bg5 e6 7. f4 Be7 8. Qf3 Qc7 9. 0-0-0 Nbd7 10. g4 b5 11. Bxf6 Bxf6 12. g5 Be7 13. f5 Nc5 14. f6 gxf6 15. gxf6 Bf8 16. Bh3 b4 17. Nd5 exd5 18. exd5 Bxh3 19. Qxh3 Nd7 20. Nc6 Rc8 21. Rhe1+ Ne5 22. Rd2 a5 23. Rde2 Qxc6 24. dxc6 Rxc6 25. Kb1 h5 26. Qf3 Kd7 27. Qd5 Rc5 28. Qb7+ Ke6 29. Rf1 Rh6 30. Qb8 Rh8 31. Qe8+ Kd5 32. Rd1+ Kc4 33. Re4# 1-0

[Event "FIDE World Uni Rapid-A 1st"]
[Site "Tornelo INT"]
[Date "2021.03.20"]
[Round "6"]
[White "Ahmad, Abu Khater"]
[Black "Powalka, Michal"]
[Result "0-1"]
[WhiteElo "1414"]
[BlackElo "1969"]
[PlyCount "148"]
[EventDate "2021.03.20"]
[EventType "swiss (rapid)"]
[EventRounds "12"]
[EventCountry "NET"]
[SourceTitle "CBM 201 Extra"]
[Source "ChessBase"]
[SourceDate "2021.05.31"]
[SourceVersion "1"]
[SourceVersionDate "2021.05.31"]
[SourceQuality "1"]

1. d4 Nf6 2. c4 g6 3. Nc3 Bg7 4. Nf3 d6 5. Bf4 0-0 6. Qd2 Nbd7 7. Bh6 e5 8. Bxg7 Kxg7 9. e3 c6 10. h3 Re8 11. Be2 Qe7 12. 0-0 e4 13. Nh2 d5 14. Ng4 Nh5 15. cxd5 f5 16. dxc6 bxc6 17. Nh2 Ndf6 18. d5 Rd8 19. Bc4 cxd5 20. Nxd5 Nxd5 21. Bxd5 Nf6 22. f3 Rxd5 23. Qc3 exf3 24. Nxf3 Ba6 25. Rfe1 Rc8 26. Qb3 Bc4 27. Qa4 Ne4 28. Rac1 Rdc5 29. b3 Bf7 30. Qd4+ Kg8 31. Rcd1 Rd5 32. Qa4 Rxd1 33. Rxd1 Nc3 34. Qa6 Qxe3+ 35. Kh2 Nxd1 36. Qxc8+ Kg7 37. Qd7 Nf2 38. Nd4 Nd3 39. Qxa7 f4 40. Qd7 Nc1 41. Nf3 Nxa2 42. Qa4 Nc3 43. Qb4 Ne2 44. Qb7 Qxb3 45. Qe7 Qe3 46. Qh4 Ng3 47. Ng5 h5 48. Nf3 Nf5 49. Qd8 Qf2 50. Qd1 Qxg2+ 51. Kxg2 Ne3+ 52. Kf2 Nxd1+ 53. Ke2 Ne3 54. Ng5 Kf6 55. h4 Nf5 56. Ne4+ Ke5 57. Ng5 Bc4+ 58. Kf2 Nxh4 59. Kg1 Kf5 60. Nh3 Nf3+ 61. Kf2 Ne5 62. Kg1 g5 63. Nf2 g4 64. Kg2 Bb3 65. Kg1 f3 66. Kh2 Kf4 67. Nh1 h4 68. Kg1 g3 69. Kf1 g2+ 70. Kf2 gxh1N+ 71. Kg1 f2+ 72. Kf1 Bc4+ 73. Kg2 f1Q+ 74. Kh2 Ng4# 0-1

[Event "FIDE World Uni Rapid-A 1st"]
[Site "Tornelo INT"]
[Date "2021.03.20"]
[Round "3"]
[White "Powalka, Michal"]
[Black "Gracia Alvarez, Gerardo Antonio"]
[Result "0-1"]
[WhiteElo "1969"]
[BlackElo "2308"]
[PlyCount "28"]
[EventDate "2021.03.20"]
[EventType "swiss (rapid)"]
[EventRounds "12"]
[EventCountry "NET"]
[SourceTitle "CBM 201 Extra"]
[Source "ChessBase"]
[SourceDate "2021.05.31"]
[SourceVersion "1"]
[SourceVersionDate "2021.05.31"]
[SourceQuality "1"]

1. e4 c5 2. Nf3 Nc6 3. d4 cxd4 4. Nxd4 g6 5. Nc3 Bg7 6. Be3 Nf6 7. Bc4 0-0 8. Bb3 Re8 9. f3 e6 10. Qd2 d5 11. exd5 Nxd5 12. Nxd5 Nxd4 13. Bxd4 exd5+ 14. Kf2 Qh4+ 0-1

[Event "FIDE World Uni Blitz-D 1st"]
[Site "Tornelo INT"]
[Date "2021.03.13"]
[Round "4.46"]
[White "Michael, Owen"]
[Black "Powalka, Michal"]
[Result "1-0"]
[WhiteElo "1991"]
[BlackElo "1969"]
[PlyCount "111"]
[EventDate "2021.03.13"]
[EventType "swiss (blitz)"]
[EventRounds "10"]
[EventCountry "NET"]
[SourceTitle "EXT 2022"]
[Source "ChessBase"]
[SourceDate "2021.10.06"]
[SourceVersion "1"]
[SourceVersionDate "2021.10.06"]
[SourceQuality "1"]

1. e4 e5 2. Nf3 Nc6 3. Bb5 a6 4. Ba4 Nf6 5. 0-0 Be7 6. Re1 b5 7. Bb3 0-0 8. c3 d6 9. d4 Bg4 10. d5 Na5 11. Bc2 c6 12. dxc6 Qc7 13. h3 Bh5 14. Nbd2 Qxc6 15. Nf1 Rfe8 16. Ng3 Bg6 17. Qe2 h6 18. Nh4 Bh7 19. Nhf5 Bf8 20. Qf3 Bxf5 21. Nxf5 Re6 22. Qg3 Kh8 23. Qh4 Rae8 24. Be3 Nc4 25. Bc1 d5 26. exd5 Nxd5 27. Be4 Ncb6 28. Be3 Qc8 29. Bxb6 Nxb6 30. Rad1 Nc4 31. b3 Nd6 32. Nxd6 Rxd6 33. Rxd6 Bxd6 34. Rd1 Bc5 35. Qh5 Qe6 36. Bd5 Qf6 37. Qxf7 Qxf7 38. Bxf7 Rf8 39. Rd7 Kh7 40. g3 a5 41. Kg2 b4 42. cxb4 Bxb4 43. a4 Rc8 44. Bc4 Rf8 45. f3 Kg6 46. Re7 Kf6 47. Re6+ Kf5 48. h4 Rd8 49. Kh3 h5 50. Rc6 Rd2 51. Be6+ Kf6 52. Bg4+ Ke7 53. Bxh5 Rd3 54. Rg6 Kf8 55. Re6 Rxb3 56. Re8# 1-0

[Event "POL-ch Academic"]
[Site "Katowice"]
[Date "2020.11.14"]
[Round "7"]
[White "Kumala, Aleksander"]
[Black "Powalka, Michal"]
[Result "1/2-1/2"]
[WhiteElo "2206"]
[BlackElo "1963"]
[PlyCount "114"]
[EventDate "2020.11.13"]
[EventType "swiss (rapid)"]
[EventRounds "9"]
[EventCountry "POL"]
[SourceTitle "CBM 199 Extra"]
[Source "ChessBase"]
[SourceDate "2021.01.31"]
[SourceVersion "1"]
[SourceVersionDate "2021.01.31"]
[SourceQuality "1"]

1. d4 Nf6 2. Bg5 Ne4 3. h4 c5 4. d5 h6 5. Bf4 e6 6. f3 Nd6 7. e4 exd5 8. Qxd5 Qf6 9. Be5 Qe6 10. Qxc5 Nc6 11. Bxd6 Bxd6 12. Qf2 Qe5 13. c3 Bc5 14. Qe2 Qg3+ 15. Kd1 0-0 16. Qe1 Bf2 17. Qd2 Bxg1 18. Rxg1 d6 19. Qe1 Qe5 20. Nd2 d5 21. Kc2 Be6 22. Bd3 d4 23. Nb3 Rac8 24. Kd2 dxc3+ 25. bxc3 Rfd8 26. Ke2 Ne7 27. Rc1 Nd5 28. Kf2 Nxc3 29. Qe3 Nxa2 30. Rxc8 Rxc8 31. Nd4 Nb4 32. Be2 Nc2 33. Nxc2 Rxc2 34. f4 Qb2 35. Kf3 Rxe2 36. Qxa7 Rc2 37. f5 Qc3+ 38. Kg4 Bd7 39. Qxb7 Qc7 40. Qxc7 Rxc7 41. Kf4 Rc4 42. g4 Kf8 43. g5 hxg5+ 44. hxg5 Bc6 45. Re1 Ke7 46. Ke5 Rc5+ 47. Kf4 Rc4 48. Ke5 Rc5+ 49. Kf4 Ra5 50. Rc1 Ba8 51. Rc7+ Ke8 52. g6 fxg6 53. fxg6 Kf8 54. Rf7+ Kg8 55. Rc7 Kf8 56. Rf7+ Kg8 57. Rc7 Kf8 1/2-1/2

[Event "POL-ch Academic"]
[Site "Katowice"]
[Date "2020.11.14"]
[Round "6"]
[White "Powalka, Michal"]
[Black "Kindler, Przemyslaw"]
[Result "0-1"]
[WhiteElo "1963"]
[BlackElo "2096"]
[PlyCount "64"]
[EventDate "2020.11.13"]
[EventType "swiss (rapid)"]
[EventRounds "9"]
[EventCountry "POL"]
[SourceTitle "CBM 199 Extra"]
[Source "ChessBase"]
[SourceDate "2021.01.31"]
[SourceVersion "1"]
[SourceVersionDate "2021.01.31"]
[SourceQuality "1"]

1. e4 d6 2. d4 Nf6 3. Nc3 Nbd7 4. Nf3 e5 5. Bc4 Be7 6. 0-0 0-0 7. Re1 c6 8. a3 Qc7 9. Ba2 a6 10. Bg5 b5 11. Qd3 exd4 12. Nxd4 Ne5 13. Qg3 Nh5 14. Qh4 Bxg5 15. Qxg5 Nf6 16. Nf5 Bxf5 17. Qxf5 Rad8 18. Re3 Rfe8 19. Rg3 Ng6 20. h4 Re5 21. Qf3 Qe7 22. Rh3 h5 23. Re1 Re8 24. Qg3 Kh8 25. f4 Nxe4 26. Nxe4 Rxe4 27. Rxe4 Qxe4 28. Bxf7 Nxf4 29. Qg5 Nxh3+ 30. gxh3 Qe1+ 31. Kg2 Re2+ 32. Kf3 Qf2# 0-1

[Event "Mazowiec-chT op 1617"]
[Site "Warsaw"]
[Date "2017.01.15"]
[Round "6.2"]
[White "Chylewski, Patryk"]
[Black "Powalka, Michal"]
[Result "1-0"]
[WhiteElo "2042"]
[BlackElo "1975"]
[PlyCount "39"]
[EventDate "2016.12.11"]
[EventType "team-swiss"]
[EventRounds "10"]
[EventCountry "POL"]
[SourceTitle "EXT 2019"]
[Source "ChessBase"]
[SourceDate "2018.10.10"]
[SourceVersion "1"]
[SourceVersionDate "2018.10.10"]
[SourceQuality "1"]

1. e4 e5 2. Nf3 Nc6 3. Bb5 a6 4. Ba4 Nf6 5. 0-0 Be7 6. Bxc6 dxc6 7. d3 Nd7 8. Nbd2 0-0 9. b3 f6 10. Bb2 Nc5 11. d4 exd4 12. Nxd4 Qe8 13. Qe2 Bd6 14. f4 Rf7 15. Rae1 Re7 16. Qf3 Qg6 17. e5 Bg4 18. Qg3 fxe5 19. fxe5 Ne4 20. Rxe4 1-0

[Event "Warsaw YMCA Autumn-A 161st"]
[Site "Warsaw"]
[Date "2015.10.30"]
[Round "6"]
[White "Powalka, Michal"]
[Black "Koziol, Pawel"]
[Result "1/2-1/2"]
[WhiteElo "1940"]
[BlackElo "1927"]
[PlyCount "65"]
[EventDate "2015.09.25"]
[EventType "tourn"]
[EventRounds "13"]
[EventCountry "POL"]
[SourceTitle "EXT 2019"]
[Source "ChessBase"]
[SourceDate "2018.10.10"]
[SourceVersion "1"]
[SourceVersionDate "2018.10.10"]
[SourceQuality "1"]

1. e4 g6 2. d4 Bg7 3. Nf3 d6 4. h3 Nf6 5. Nc3 0-0 6. Bc4 Nxe4 7. Bxf7+ Rxf7 8. Nxe4 Nc6 9. d5 Ne5 10. Nfg5 Rf8 11. 0-0 h6 12. Ne6 Bxe6 13. dxe6 d5 14. Ng3 Qd6 15. f4 Nc4 16. Qg4 Rf6 17. b3 Rxe6 18. bxc4 Bxa1 19. Ba3 Bd4+ 20. Kh1 c5 21. c3 Bg7 22. Bxc5 Qc6 23. f5 Rf8 24. fxe6 Rxf1+ 25. Nxf1 Qxc5 26. Qxg6 dxc4 27. Ng3 Qg5 28. Qf7+ Kh8 29. Nf5 Qc1+ 30. Kh2 Be5+ 31. g3 Qd2+ 32. Kh1 Qe1+ 33. Kh2 1/2-1/2

[Event "POL-chT U19 1st League"]
[Site "Ustron"]
[Date "2015.07.29"]
[Round "5.14"]
[White "Powalka, Michal"]
[Black "Maj, Kornel"]
[Result "0-1"]
[WhiteElo "1975"]
[BlackElo "2051"]
[PlyCount "92"]
[EventDate "2015.07.25"]
[EventType "team-tourn"]
[EventRounds "9"]
[EventCountry "POL"]
[SourceTitle "EXT 2018"]
[Source "ChessBase"]
[SourceDate "2017.10.13"]
[SourceVersion "1"]
[SourceVersionDate "2017.10.13"]
[SourceQuality "1"]
[WhiteTeam "Victoria Komplexbud U19"]
[BlackTeam "Rydultowy Ognisko U19"]
[WhiteTeamCountry "POL"]
[BlackTeamCountry "POL"]

1. e4 c5 2. Nf3 d6 3. d4 cxd4 4. Nxd4 Nf6 5. Nc3 Nc6 6. Bg5 e6 7. Qd2 a6 8. 0-0-0 h6 9. Nxc6 bxc6 10. Bf4 d5 11. Qe3 Bb4 12. a3 Ba5 13. Be2 0-0 14. e5 Nd7 15. g4 f6 16. exf6 Qxf6 17. Bd6 Re8 18. g5 hxg5 19. Bh5 Bb6 20. Qd3 Rd8 21. h4 gxh4 22. Kb1 Nf8 23. Bxf8 Rxf8 24. Rdg1 Bxf2 25. Rg2 Qf5 26. Qd1 Bg3 27. Ne2 Qxh5 28. Rxg3 e5 29. Qg1 Rf7 30. Nc3 Bf5 31. Rg5 Qh7 32. Qh2 d4 33. Na4 Raf8 34. Re1 d3 35. cxd3 Bxd3+ 36. Ka1 e4 37. Nc5 Rf1 38. Rg1 R1f2 39. Qe5 h3 40. Ne6 R2f7 41. Nxf8 Rxf8 42. Rh1 Qh6 43. Re3 Bf1 44. Rg3 Bg2 45. Rd1 Qf6 46. Qh5 Bf3 0-1